| 000 | 00459ntaaa2200181 4500 | ||
|---|---|---|---|
| 003 | 01 | ||
| 005 | 20251027202920.0 | ||
| 008 | 0714s1973 ag 01 | ||
| 040 |
_aAR-BaBN _bspa _cAR-BaBN _eaacr _dRIC |
||
| 082 | _a922.0000 Sm6b | ||
| 100 |
_aBeckett, Violet _929668 |
||
| 245 | _aWorthy citizen | ||
| 250 | _a1 ed. | ||
| 260 |
_aLondon : _bSalvationist Publishing and Supplies, _c1947 |
||
| 300 | _a48 p | ||
| 650 |
_aSmith, James Edward _929669 |
||
| 942 | _cBK | ||
| 999 |
_c24415 _d24415 |
||